[Event "Mittelrhein Regionalliga 1920"]
[Site "Mittelrhein"]
[Date "2020.02.16"]
[Round "6.4"]
[White "Evers, Leo"]
[Black "Brinkmann, Sven"]
[Result "1/2-1/2"]
[WhiteElo "2034"]
[BlackElo "1983"]
[PlyCount "72"]
[EventDate "2019.09.29"]
[EventType "team-tourn"]
[EventRounds "9"]
[EventCountry "GER"]
[SourceTitle "EXT 2023"]
[Source "ChessBase"]
[SourceDate "2022.10.05"]
[SourceVersion "1"]
[SourceVersionDate "2022.10.05"]
[SourceQuality "1"]
[WhiteTeam "Koeln Porz III"]
[BlackTeam "Euskirchen Turm"]
[WhiteTeamCountry "GER"]
[BlackTeamCountry "GER"]

1. d4 Nf6 2. c4 e6 3. g3 d5 4. Bg2 Be7 5. Nf3 0-0 6. 0-0 c5 7. cxd5 exd5 8. Nc3 Nc6 9. dxc5 Bxc5 10. Bg5 Be7 11. Rc1 Be6 12. Nd4 Nxd4 13. Qxd4 h6 14. Bf4 Qa5 15. Qa4 Qxa4 16. Nxa4 Rac8 17. Be3 b6 18. Rfd1 d4 19. Bxd4 Bxa2 20. Rxc8 Rxc8 21. Nc3 Bc4 22. Ra1 a6 23. e3 Bc5 24. Bxf6 gxf6 25. Bd5 Bd3 26. Rd1 Bb5 27. Nxb5 axb5 28. Ra1 Rc7 29. Ra8+ Kg7 30. g4 Rd7 31. e4 Bd4 32. Rb8 Rc7 33. b3 Rc2 34. Rb7 Rxf2 35. Bxf7 Kf8 36. Be6 Re2+ 1/2-1/2

[Event "Mittelrhein Regionalliga 1920"]
[Site "Mittelrhein"]
[Date "2019.10.27"]
[Round "2.3"]
[White "Brinkmann, Sven"]
[Black "Riemland, Arnold"]
[Result "1/2-1/2"]
[WhiteElo "2002"]
[BlackElo "2141"]
[PlyCount "40"]
[EventDate "2019.09.29"]
[EventType "team-tourn"]
[EventRounds "9"]
[EventCountry "GER"]
[SourceTitle "EXT 2023"]
[Source "ChessBase"]
[SourceDate "2022.10.05"]
[SourceVersion "1"]
[SourceVersionDate "2022.10.05"]
[SourceQuality "1"]
[WhiteTeam "Euskirchen Turm"]
[BlackTeam "Kalker/Deutzer SG"]
[WhiteTeamCountry "GER"]
[BlackTeamCountry "GER"]

1. e4 c5 2. Nc3 Nc6 3. g3 g6 4. Bg2 Bg7 5. d3 e5 6. Be3 d6 7. Nge2 Nge7 8. 0-0 0-0 9. f4 f5 10. fxe5 Nxe5 11. h3 fxe4 12. Nxe4 Bf5 13. Nf4 Qd7 14. Qd2 Bxe4 15. Bxe4 d5 16. Bg2 d4 17. Bf2 Rae8 18. Rae1 Nf5 19. Nd5 Ne7 20. Nf4 Nf5 1/2-1/2

[Event "Mittelrhein Verbandsliga-N 17/18"]
[Site "Nordrheinwestfalen"]
[Date "2018.02.04"]
[Round "7.1"]
[White "Kocur, Alois"]
[Black "Brinkmann, Sven"]
[Result "1/2-1/2"]
[WhiteElo "2158"]
[BlackElo "1977"]
[PlyCount "41"]
[EventDate "2017.09.10"]
[EventType "team-swiss"]
[EventRounds "11"]
[EventCountry "GER"]
[SourceTitle "EXT 2022"]
[Source "ChessBase"]
[SourceDate "2021.10.06"]
[SourceVersion "1"]
[SourceVersionDate "2021.10.06"]
[SourceQuality "1"]
[WhiteTeam "Hitdorf SV Springer"]
[BlackTeam "Koeln Muelheim"]
[WhiteTeamCountry "GER"]
[BlackTeamCountry "GER"]

1. e4 e6 2. d4 d5 3. Nd2 dxe4 4. Nxe4 Nd7 5. Nf3 Be7 6. Bd3 Ngf6 7. Qe2 0-0 8. Bd2 c5 9. dxc5 Nxc5 10. Nxc5 Bxc5 11. 0-0-0 Qb6 12. Ne5 Bd4 13. Nc4 Qc7 14. g4 b5 15. Na3 Qe5 16. Qxe5 Bxe5 17. f4 Bb8 18. Bxb5 Bb7 19. Rhf1 Nxg4 20. h3 a6 21. Be2 1/2-1/2

[Event "Mittelrhein Verbandsliga-N 17/18"]
[Site "Nordrheinwestfalen"]
[Date "2018.01.14"]
[Round "6.1"]
[White "Brinkmann, Sven"]
[Black "Marcks, Martin"]
[Result "1/2-1/2"]
[WhiteElo "1977"]
[BlackElo "2037"]
[PlyCount "39"]
[EventDate "2017.09.10"]
[EventType "team-swiss"]
[EventRounds "11"]
[EventCountry "GER"]
[SourceTitle "EXT 2022"]
[Source "ChessBase"]
[SourceDate "2021.10.06"]
[SourceVersion "1"]
[SourceVersionDate "2021.10.06"]
[SourceQuality "1"]
[WhiteTeam "Koeln Muelheim"]
[BlackTeam "Rheinpark BSG"]
[WhiteTeamCountry "GER"]
[BlackTeamCountry "GER"]

1. e4 c5 2. Nc3 Nc6 3. g3 g6 4. Bg2 Bg7 5. d3 e6 6. Be3 d6 7. Qd2 Nge7 8. Bh6 Bxh6 9. Qxh6 Nd4 10. Qd2 Qa5 11. Nge2 Nec6 12. 0-0 Bd7 13. a3 Nxe2+ 14. Qxe2 0-0 15. f4 Nd4 16. Qf2 Rab8 17. Nd1 b5 18. Ne3 f5 19. Rae1 Qc7 20. c3 1/2-1/2

[Event "Mittelrhein Verbandsliga-N 17/18"]
[Site "Nordrheinwestfalen"]
[Date "2017.10.22"]
[Round "3.2"]
[White "Brinkmann, Sven"]
[Black "Schmitz, Andreas"]
[Result "1-0"]
[WhiteElo "1977"]
[BlackElo "1910"]
[PlyCount "61"]
[EventDate "2017.09.10"]
[EventType "team-swiss"]
[EventRounds "11"]
[EventCountry "GER"]
[SourceTitle "EXT 2022"]
[Source "ChessBase"]
[SourceDate "2021.10.06"]
[SourceVersion "1"]
[SourceVersionDate "2021.10.06"]
[SourceQuality "1"]
[WhiteTeam "Koeln Muelheim"]
[BlackTeam "Leverkusen Koenigsspringer"]
[WhiteTeamCountry "GER"]
[BlackTeamCountry "GER"]

1. e4 e6 2. d3 d5 3. Nd2 c5 4. g3 Nc6 5. Bg2 Nf6 6. Ngf3 Be7 7. 0-0 Qc7 8. Re1 dxe4 9. dxe4 e5 10. c3 0-0 11. Qc2 Bg4 12. Nc4 Bxf3 13. Bxf3 Rad8 14. Ne3 Nb8 15. Nf5 Rfe8 16. Bg5 h6 17. Be3 Bf8 18. Rad1 Kh7 19. g4 g6 20. Ng3 Rxd1 21. Rxd1 b6 22. h4 Be7 23. Be2 Nc6 24. g5 Ng8 25. Qb3 Bf8 26. h5 Rd8 27. Rxd8 Nxd8 28. Bc4 hxg5 29. Bxg5 gxh5 30. Qd1 Ne6 31. Qxh5+ 1-0

[Event "Mittelrhein Verbandsliga-M 16/17"]
[Site "Nordrheinwestfalen"]
[Date "2017.01.08"]
[Round "6.2"]
[White "Brinkmann, Sven"]
[Black "Heckoetter, Christian"]
[Result "1/2-1/2"]
[WhiteElo "1991"]
[BlackElo "1989"]
[PlyCount "54"]
[EventDate "2016.09.11"]
[EventType "team-tourn"]
[EventRounds "11"]
[EventCountry "GER"]
[SourceTitle "EXT 2022"]
[Source "ChessBase"]
[SourceDate "2021.10.06"]
[SourceVersion "1"]
[SourceVersionDate "2021.10.06"]
[SourceQuality "1"]
[WhiteTeam "Koeln Muelheim"]
[BlackTeam "Bergische SF"]
[WhiteTeamCountry "GER"]
[BlackTeamCountry "GER"]

1. e4 e6 2. d4 d5 3. exd5 exd5 4. Bd3 Nc6 5. Ne2 Bd6 6. c3 Qh4 7. Ng3 Bg4 8. Nf5 Bxd1 9. Nxh4 Bg4 10. 0-0 Nge7 11. h3 Bd7 12. Re1 0-0-0 13. Nd2 f6 14. Nf1 g5 15. Nf3 Bf5 16. Bxf5+ Nxf5 17. Re6 Rdf8 18. Bd2 h5 19. g3 Kd7 20. Rae1 Nd8 21. R6e2 Re8 22. Kg2 Rxe2 23. Rxe2 c6 24. Ne1 Ne6 25. Nd3 Rg8 26. Ne3 Ne7 27. Kf1 b6 1/2-1/2

[Event "Mittelrhein Verbandsliga-M 16/17"]
[Site "Nordrheinwestfalen"]
[Date "2016.12.18"]
[Round "5.2"]
[White "Lattermann, Stefan"]
[Black "Brinkmann, Sven"]
[Result "1/2-1/2"]
[WhiteElo "1986"]
[BlackElo "1991"]
[PlyCount "58"]
[EventDate "2016.09.11"]
[EventType "team-tourn"]
[EventRounds "11"]
[EventCountry "GER"]
[SourceTitle "EXT 2022"]
[Source "ChessBase"]
[SourceDate "2021.10.06"]
[SourceVersion "1"]
[SourceVersionDate "2021.10.06"]
[SourceQuality "1"]
[WhiteTeam "Rheinpark BSG"]
[BlackTeam "Koeln Muelheim"]
[WhiteTeamCountry "GER"]
[BlackTeamCountry "GER"]

1. e4 e6 2. d4 d5 3. Nc3 dxe4 4. Nxe4 Nd7 5. Nf3 Ngf6 6. Bg5 Be7 7. Nxf6+ Bxf6 8. Bxf6 Qxf6 9. Bd3 0-0 10. Qe2 c5 11. 0-0-0 cxd4 12. Qe4 Qh6+ 13. Kb1 Nc5 14. Qxd4 Nxd3 15. Rxd3 b6 16. Qe4 Ba6 17. Rd7 Bb5 18. Rc7 Rfd8 19. a4 Be8 20. Ne5 Rd5 21. c4 Rdd8 22. f4 f6 23. Ng4 Qg6 24. Qxg6 Bxg6+ 25. Kc1 Rac8 26. Rxc8 Rxc8 27. b3 Rd8 28. Re1 Rd3 29. Re3 Rd6 1/2-1/2

[Event "Mittelrhein Verbandsliga-M 15/16"]
[Site "Nordrheinwestfalen"]
[Date "2016.01.10"]
[Round "6.1"]
[White "Brinkmann, Sven"]
[Black "Hansel, Rainer"]
[Result "1/2-1/2"]
[WhiteElo "2000"]
[BlackElo "1928"]
[PlyCount "100"]
[EventDate "2015.09.06"]
[EventType "team-tourn"]
[EventRounds "11"]
[EventCountry "GER"]
[SourceTitle "EXT 2022"]
[Source "ChessBase"]
[SourceDate "2021.10.06"]
[SourceVersion "1"]
[SourceVersionDate "2021.10.06"]
[SourceQuality "1"]
[WhiteTeam "Koeln Muelheim"]
[BlackTeam "Koeln Longerich"]
[WhiteTeamCountry "GER"]
[BlackTeamCountry "GER"]

1. e4 e5 2. Nf3 Nc6 3. Bb5 a6 4. Ba4 Nf6 5. d3 Bc5 6. 0-0 b5 7. Bb3 d6 8. c3 0-0 9. Nbd2 Bb6 10. h3 Na5 11. Bc2 c5 12. Re1 Re8 13. Nf1 d5 14. Bg5 d4 15. Ng3 h6 16. Bd2 Nc6 17. a4 Be6 18. Nh4 c4 19. Nhf5 dxc3 20. bxc3 cxd3 21. Bb1 Kh7 22. axb5 Na5 23. bxa6 Bc4 24. Ba2 Bxa6 25. Bxf7 Rf8 26. Ba2 g6 27. Ne3 h5 28. f3 h4 29. Ngf1 Nh5 30. Kh1 Nf4 31. Ng4 Bc4 32. Nfe3 Bxa2 33. Rxa2 Nc6 34. Rxa8 Qxa8 35. Qb3 Qa7 36. Rb1 Rb8 37. Qd1 Ne2 38. Qe1 g5 39. Nc4 Bc7 40. Rxb8 Bxb8 41. Bxg5 Ng3+ 42. Kh2 Qa2 43. Nd2 Ba7 44. Bxh4 Qxd2 45. Nf6+ Kh8 46. Qxg3 Qf4 47. Qxf4 exf4 48. Be1 Bf2 49. Bd2 Be3 50. Be1 Bf2 1/2-1/2

[Event "Mittelrhein-chT 1112"]
[Site "Germany"]
[Date "2012.04.15"]
[Round "11.7"]
[White "Brinkmann, Sven"]
[Black "Koch, Matthias"]
[Result "0-1"]
[WhiteElo "1961"]
[BlackElo "1892"]
[PlyCount "158"]
[EventDate "2011.09.11"]
[EventType "team-tourn"]
[EventRounds "13"]
[EventCountry "GER"]
[SourceTitle "EXT 2013"]
[Source "ChessBase"]
[SourceDate "2012.11.22"]
[SourceVersion "1"]
[SourceVersionDate "2012.11.22"]
[SourceQuality "1"]
[WhiteTeam "Koeln Muelheim"]
[BlackTeam "Bonn Beuel"]
[WhiteTeamCountry "GER"]
[BlackTeamCountry "GER"]

1. e4 e5 2. Nf3 Nc6 3. Bb5 a6 4. Ba4 d6 5. h3 f5 6. d3 Nf6 7. Nc3 Be7 8. Be3 b5 9. Bb3 Na5 10. exf5 Nxb3 11. axb3 Bxf5 12. Qd2 0-0 13. 0-0-0 c5 14. g4 Be6 15. Ng5 Bd7 16. Nge4 Bc6 17. Nxf6+ Bxf6 18. Rhg1 Be7 19. Ne4 d5 20. Nxc5 d4 21. Ne6 dxe3 22. fxe3 Qb6 23. Nxf8 Bg5 24. Rde1 Rxf8 25. Kb1 Rf3 26. Rgf1 Bxe3 27. Qc3 Bd4 28. Qb4 Bc5 29. Qc3 Bd4 30. Qb4 Rxf1 31. Rxf1 Bc5 32. Qc3 Bd4 33. Qb4 Bc5 34. Qc3 Bd4 35. Qb4 Qd8 36. Qd2 Bb6 37. Qe2 Qd4 38. Rf5 Bc7 39. Qf1 Bd6 40. Rf7 Qd5 41. Rf5 b4 42. Qf2 Bc5 43. Qe1 Bd6 44. Qe3 Bd7 45. Rf1 Bc5 46. Qg5 Be6 47. Re1 Bd4 48. Qe7 Bc5 49. Qe8+ Bf8 50. Rf1 Bf7 51. Qc8 a5 52. h4 a4 53. Rxf7 Kxf7 54. bxa4 Qh1+ 55. Ka2 Qxh4 56. a5 Qe7 57. a6 Qa7 58. Qf5+ Kg8 59. Qe6+ Kh8 60. Qe8 Qxa6+ 61. Kb1 Qf6 62. g5 Qf5 63. Qa8 g6 64. Ka2 Qe6+ 65. Kb1 Qe7 66. Ka2 Kg7 67. Qg2 Qe6+ 68. Kb1 Be7 69. Qb7 Kf7 70. Qf3+ Kg7 71. Qb7 h5 72. gxh6+ Kxh6 73. Qh1+ Kg7 74. Qe4 g5 75. d4 Bf6 76. dxe5 Qxe5 77. Qxb4 Qxb2+ 78. Qxb2 Bxb2 79. Kxb2 g4 0-1

[Event "Leverkusen Bayer op 10th"]
[Site "Leverkusen"]
[Date "2012.02.08"]
[Round "3"]
[White "Brinkmann, Sven"]
[Black "Ringeltaube, Denny"]
[Result "1-0"]
[WhiteElo "1961"]
[BlackElo "1568"]
[PlyCount "49"]
[EventDate "2012.01.11"]
[EventType "swiss"]
[EventRounds "7"]
[EventCountry "GER"]
[SourceTitle "EXT 2014"]
[Source "ChessBase"]
[SourceDate "2013.11.20"]
[SourceVersion "1"]
[SourceVersionDate "2013.11.20"]
[SourceQuality "1"]

1. e4 c6 2. d4 d5 3. Nc3 dxe4 4. Nxe4 Bf5 5. Ng3 Bg6 6. Nf3 Nd7 7. Bd3 Ngf6 8. 0-0 e6 9. Re1 Be7 10. c3 Bxd3 11. Qxd3 Qc7 12. Bd2 0-0-0 13. b4 h5 14. Ng5 Rhf8 15. Nf5 Nb6 16. Nxg7 Ng4 17. g3 Bxg5 18. Bxg5 Rd5 19. Bf4 Qe7 20. c4 Rg5 21. Nf5 Rxf5 22. Qxf5 Qxb4 23. Qxh5 f5 24. Rxe6 Qxc4 25. Re8+ 1-0

[Event "Mittelrhein-chT 1112"]
[Site "Germany"]
[Date "2012.02.05"]
[Round "8.6"]
[White "Brinkmann, Sven"]
[Black "Guelsen, Taylan"]
[Result "1/2-1/2"]
[WhiteElo "1961"]
[BlackElo "1918"]
[PlyCount "48"]
[EventDate "2011.09.11"]
[EventType "team-tourn"]
[EventRounds "13"]
[EventCountry "GER"]
[SourceTitle "EXT 2013"]
[Source "ChessBase"]
[SourceDate "2012.11.22"]
[SourceVersion "1"]
[SourceVersionDate "2012.11.22"]
[SourceQuality "1"]
[WhiteTeam "Koeln Muelheim"]
[BlackTeam "Niederkassel"]
[WhiteTeamCountry "GER"]
[BlackTeamCountry "GER"]

1. e4 c5 2. Nc3 Nc6 3. g3 g6 4. Bg2 Bg7 5. d3 d6 6. Be3 e6 7. Qd2 Qd7 8. f4 Nge7 9. Nf3 b6 10. 0-0 0-0 11. Rae1 Ba6 12. Nd1 Rad8 13. g4 f5 14. exf5 exf5 15. gxf5 Nxf5 16. Bf2 Ncd4 17. Nxd4 cxd4 18. Bd5+ Kh8 19. Re2 Bb7 20. Bxb7 Qxb7 21. Re4 d5 22. Re6 Qd7 23. Re2 Rde8 24. Rfe1 a5 1/2-1/2

[Event "Leverkusen Bayer op 10th"]
[Site "Leverkusen"]
[Date "2012.01.11"]
[Round "1"]
[White "Brinkmann, Sven"]
[Black "Puetz, Viktor"]
[Result "1-0"]
[WhiteElo "1961"]
[BlackElo "1600"]
[PlyCount "53"]
[EventDate "2012.01.11"]
[EventType "swiss"]
[EventRounds "7"]
[EventCountry "GER"]
[SourceTitle "EXT 2014"]
[Source "ChessBase"]
[SourceDate "2013.11.20"]
[SourceVersion "1"]
[SourceVersionDate "2013.11.20"]
[SourceQuality "1"]

1. e4 e5 2. Nf3 Nf6 3. d4 exd4 4. e5 Ne4 5. Qxd4 d5 6. exd6 Nxd6 7. Bd3 Nc6 8. Qe3+ Qe7 9. a3 Bg4 10. 0-0 Qxe3 11. Bxe3 Bxf3 12. gxf3 Be7 13. Nc3 Ne5 14. Be2 Ndc4 15. Bc1 Nb6 16. Nb5 Bd6 17. Nxd6+ cxd6 18. f4 Ng6 19. Bb5+ Kd8 20. Rd1 Ke7 21. Re1+ Kf6 22. Be3 Nd5 23. Rad1 Ndxf4 24. Rxd6+ Ne6 25. Bd4+ Kg5 26. Rd5+ Kf4 27. Be3+ 1-0

[Event "Mittelrhein-chT 1112"]
[Site "Germany"]
[Date "2011.11.13"]
[Round "4.6"]
[White "Horstmann, Olaf"]
[Black "Brinkmann, Sven"]
[Result "1-0"]
[WhiteElo "2113"]
[BlackElo "1961"]
[PlyCount "45"]
[EventDate "2011.09.11"]
[EventType "team-tourn"]
[EventRounds "13"]
[EventCountry "GER"]
[SourceTitle "EXT 2013"]
[Source "ChessBase"]
[SourceDate "2012.11.22"]
[SourceVersion "1"]
[SourceVersionDate "2012.11.22"]
[SourceQuality "1"]
[WhiteTeam "Godesberg II"]
[BlackTeam "Koeln Muelheim"]
[WhiteTeamCountry "GER"]
[BlackTeamCountry "GER"]

1. e4 e6 2. d3 d5 3. Nd2 c5 4. Ngf3 Nc6 5. g3 Nf6 6. Bg2 Be7 7. 0-0 0-0 8. Re1 Qc7 9. e5 Nd7 10. Qe2 b5 11. Nf1 Bb7 12. h4 a5 13. N1h2 d4 14. Ng4 Rfd8 15. Ng5 h6 16. Nxf7 Kxf7 17. Nxh6+ gxh6 18. Qh5+ Kg8 19. Qg6+ Kh8 20. Qxh6+ Kg8 21. Qxe6+ Kg7 22. Qh6+ Kf7 23. Bd5+ 1-0

[Event "Leverkusen-ch op"]
[Site "Leverkusen"]
[Date "2009.02.09"]
[Round "3"]
[White "Brinkmann, Sven"]
[Black "Niederreuther, Mark Niels"]
[Result "1/2-1/2"]
[WhiteElo "1896"]
[BlackElo "1904"]
[PlyCount "40"]
[EventDate "2009.01.12"]
[EventType "swiss"]
[EventRounds "7"]
[EventCountry "GER"]
[SourceTitle "EXT 2010"]
[Source "ChessBase"]
[SourceDate "2010.11.25"]
[SourceVersion "1"]
[SourceVersionDate "2010.11.25"]
[SourceQuality "1"]

1. e4 d6 2. d4 g6 3. Bc4 Bg7 4. Nc3 c5 5. Be3 Nd7 6. Nge2 cxd4 7. Bxd4 Ngf6 8. 0-0 0-0 9. Ng3 Ne8 10. Nd5 Ne5 11. Bb3 Nc7 12. f4 Nc6 13. Bxg7 Kxg7 14. Kh1 Na5 15. Qd4+ f6 16. c3 Nxb3 17. axb3 a6 18. Nb6 Rb8 19. f5 Bd7 20. Nxd7 Qxd7 1/2-1/2

[Event "Troisdorf op"]
[Site "Troisdorf"]
[Date "2007.10.23"]
[Round "2"]
[White "Lamprecht, Mark"]
[Black "Brinkmann, Sven"]
[Result "1-0"]
[WhiteElo "2223"]
[BlackElo "1814"]
[PlyCount "73"]
[EventDate "2007.10.16"]
[EventType "swiss"]
[EventRounds "5"]
[EventCountry "GER"]
[SourceTitle "EXT 2011"]
[Source "ChessBase"]
[SourceDate "2010.11.26"]
[SourceVersion "1"]
[SourceVersionDate "2010.11.26"]
[SourceQuality "1"]

1. c4 e6 2. g3 d5 3. Nf3 Nf6 4. Bg2 c6 5. 0-0 Be7 6. b3 0-0 7. Bb2 Nbd7 8. d4 Qb6 9. Qc2 Re8 10. Nbd2 Nf8 11. e4 dxe4 12. Nxe4 Bd7 13. Ne5 Nxe4 14. Qxe4 Rad8 15. h3 Ng6 16. f4 Bc8 17. Kh2 Bf6 18. Rad1 Qa5 19. Qc2 Qc7 20. Ng4 Be7 21. h4 Bf8 22. Qc3 Ne7 23. d5 Nf5 24. dxc6 bxc6 25. Be4 Rxd1 26. Rxd1 Nxh4 27. Nf6+ gxf6 28. Qxf6 e5 29. gxh4 h5 30. Bxe5 Rxe5 31. fxe5 Be7 32. Rg1+ Bg4 33. Qf5 Kf8 34. Qf4 Bxh4 35. Qh6+ Ke7 36. Rxg4 Qxe5+ 37. Qf4 1-0

[Event "Moehnesee Cup-B"]
[Site "Moehnesee"]
[Date "2005.08.20"]
[Round "5"]
[White "Begemann, Jens"]
[Black "Brinkmann, Sven"]
[Result "0-1"]
[WhiteElo "1633"]
[BlackElo "1728"]
[PlyCount "80"]
[EventDate "2005.08.18"]
[EventType "swiss"]
[EventRounds "7"]
[EventCountry "GER"]
[SourceTitle "CBM 108 Extra"]
[Source "ChessBase"]
[SourceDate "2005.11.04"]
[SourceVersion "1"]
[SourceVersionDate "2005.11.04"]
[SourceQuality "1"]

1. e4 e6 2. d4 d5 3. e5 c5 4. Qg4 Nc6 5. Nf3 cxd4 6. a3 Nge7 7. Bd3 Ng6 8. Qg3 Qa5+ 9. Nbd2 Bc5 10. 0-0 Qc7 11. Re1 Bd7 12. b4 Bb6 13. Nb3 a6 14. Bb2 f5 15. Rac1 Rc8 16. Nbxd4 Qd8 17. Nxf5 exf5 18. e6 0-0 19. exd7 Qxd7 20. Qg5 Bd8 21. Qd2 Bf6 22. Bxf6 Rxf6 23. c4 Kf8 24. Qc2 Nce7 25. Ne5 Nxe5 26. Rxe5 dxc4 27. Bf1 b5 28. Rd1 Qc7 29. Rde1 Rf7 30. Qe2 Rd8 31. Qe3 Rd6 32. Qf4 Re6 33. Qd4 Rxe5 34. Rxe5 Rf6 35. Re1 Qd6 36. Qa7 Re6 37. Ra1 c3 38. Ra2 Re1 39. Qa8+ Kf7 40. Qf3 Qd1 0-1

[Event "Moehnesee Cup-B"]
[Site "Moehnesee"]
[Date "2005.08.18"]
[Round "1"]
[White "Atasoy, Tarik"]
[Black "Brinkmann, Sven"]
[Result "0-1"]
[WhiteElo "1472"]
[BlackElo "1728"]
[PlyCount "56"]
[EventDate "2005.08.18"]
[EventType "swiss"]
[EventRounds "7"]
[EventCountry "GER"]
[SourceTitle "CBM 108 Extra"]
[Source "ChessBase"]
[SourceDate "2005.11.04"]
[SourceVersion "1"]
[SourceVersionDate "2005.11.04"]
[SourceQuality "1"]

1. e4 e6 2. Nf3 d5 3. exd5 exd5 4. d4 Bd6 5. c4 c6 6. b3 Bg4 7. Be2 Ne7 8. 0-0 0-0 9. Bb2 Re8 10. c5 Bf4 11. Ne5 Bxe2 12. Qxe2 Ng6 13. Qh5 Nxe5 14. dxe5 Re6 15. g3 g6 16. Qe2 Bxe5 17. Bxe5 Qe7 18. f4 f6 19. Bd6 Rxe2 20. Bxe7 Rxe7 21. Kf2 Na6 22. Rc1 Rae8 23. a3 Re2+ 24. Kg1 Re1+ 25. Rxe1 Rxe1+ 26. Kf2 Rh1 27. Kg2 Rc1 28. b4 Nc7 0-1

[Event "Solingen op-B"]
[Site "Solingen"]
[Date "2005.05.28"]
[Round "5"]
[White "Brinkmann, Sven"]
[Black "Liu, Xiao You"]
[Result "0-1"]
[WhiteElo "1570"]
[BlackElo "1820"]
[PlyCount "46"]
[EventDate "2005.05.26"]
[EventType "swiss"]
[EventRounds "7"]
[EventCountry "GER"]
[SourceTitle "EXT 2006"]
[Source "ChessBase"]
[SourceDate "2005.11.24"]
[SourceVersion "1"]
[SourceVersionDate "2005.11.24"]
[SourceQuality "1"]

1. e4 b6 2. d4 Bb7 3. Bd3 e6 4. Nf3 Be7 5. 0-0 d6 6. c4 Nd7 7. Nc3 g5 8. Ne1 h5 9. f4 gxf4 10. Bxf4 Bg5 11. Qd2 Bh6 12. Nf3 Qe7 13. Nb5 Ndf6 14. e5 dxe5 15. Nxe5 a6 16. Nc3 0-0-0 17. Qf2 Ng4 18. Nxg4 hxg4 19. Be5 f6 20. Bxf6 Nxf6 21. Qxf6 Qxf6 22. Rxf6 Be3+ 23. Kh1 g3 0-1

[Event "Solingen op-B"]
[Site "Solingen"]
[Date "2005.05.27"]
[Round "3"]
[White "Brinkmann, Sven"]
[Black "Jopek, Eugeniusz"]
[Result "1-0"]
[WhiteElo "1570"]
[BlackElo "1853"]
[PlyCount "94"]
[EventDate "2005.05.26"]
[EventType "swiss"]
[EventRounds "7"]
[EventCountry "GER"]
[SourceTitle "EXT 2006"]
[Source "ChessBase"]
[SourceDate "2005.11.24"]
[SourceVersion "1"]
[SourceVersionDate "2005.11.24"]
[SourceQuality "1"]

1. e4 c5 2. Nf3 d6 3. Bc4 Nf6 4. d3 h6 5. h3 Nc6 6. 0-0 e5 7. Nc3 Be7 8. Nh2 g5 9. Nd5 Be6 10. Nxf6+ Bxf6 11. Bxe6 fxe6 12. Qh5+ Kd7 13. Ng4 Be7 14. Be3 Qe8 15. Qxe8+ Raxe8 16. f3 h5 17. Nf2 b5 18. c3 Bf6 19. a3 a5 20. Rfd1 Ra8 21. b3 b4 22. cxb4 axb4 23. a4 Na5 24. Rab1 Rhc8 25. Rdc1 Be7 26. Bd2 d5 27. Nd1 Rab8 28. Ne3 dxe4 29. fxe4 Nc6 30. Nc4 g4 31. hxg4 hxg4 32. Rf1 Rh8 33. Rf7 Rh5 34. Kf2 Rg8 35. Rf1 g3+ 36. Ke1 Nd4 37. a5 Re8 38. a6 Nb5 39. Rg7 Nd4 40. a7 Rhh8 41. Bg5 Nc6 42. Nb6+ Kd6 43. Bxe7+ Nxe7 44. Rff7 Rh1+ 45. Ke2 Ra1 46. a8Q Rexa8 47. Nxa8 Rxa8 1-0